000 01044nam a22003257a 4500
003 CHAP
005 20220329143748.0
008 110722s2000 us a r 00010 eng d
010 _a101585
011 _a102557
020 _a0817640126
035 _a113246
040 _cCHAP
082 0 4 _a519.538
_bSa19
100 1 _aSahai, Hardeo
_9101199
245 1 4 _aThe analysis of variance :
_bfixed, random, and mixed models
_c/por Hardeo Sahai y Mohammed I. Ageel
260 _aBoston :
_bBirkhäuser,
_c2000
300 _a742 p. :
_bilus., tablas
590 _aBATCH-UPD
_b10
_c20130110
_lUCH01
_h1121
590 _aBATCH-UPD
_b10
_c20130410
_lUCH01
_h0711
590 _aBATCH-UPD
_b10
_c20130913
_lUCH01
_h2007
590 _aCONVERSION
_b10
_c20130109
_lUCH01
_h1356
650 1 4 _aAnálisis de varianza.
_95977
650 1 4 _aEstadística.
_938241
650 1 4 _aModelos matemáticos.
_976419
700 1 _aAgeel, Mohamed I.
_91110
901 _aBK
942 _cLIBRO
949 _a519.538 Sa19
_bBC
_cLIBRO
_d33724002245504
_eLIBRO
_h115309
_i113246
_si
999 _c101585
_d101585